Organs of the Respiratory System - Statistics

General Stats
  • This quiz has been taken 60 times
  • The average score is 6 of 12
Answer Stats
Begins with Answer % Correct
L Lungs
90%
B Bronchi
76%
L Larynx
73%
A Alveoli
69%
T Trachea
67%
P Pharynx
65%
B Bronchioles
59%
D Diaphragm
47%
E Epiglottis
41%
G Glottis
20%
P Pleural Membrane
8%
N Nassal Passages
6%
No matching quizzes found
Score Distribution
Percent of People with Each Score
Percentile by Number Answered
Your Score History
You have not taken this quiz